| 000 | 00844nam a2200253 a 4500 | ||
|---|---|---|---|
| 001 | 24493 | ||
| 003 | CO-ViMGA | ||
| 008 | 141112s2004 ck r 000 u spa d | ||
| 020 | _a9788498014259 | ||
| 040 |
_aCO-ViMGA _bspa _cCO-ViMGA |
||
| 041 | _aSPA | ||
| 082 | 0 | 4 | _a791.4375 D13p |
| 245 | 1 | 0 |
_aPelículas legendarias / _cPaolo D'Agostini ; traducción Cristóbal Barber Casasnovas |
| 250 | _a1a ed. | ||
| 260 |
_aBarcelona : _bBlume, _c2009 |
||
| 300 | _a599 p. : il. fot. : il. | ||
| 500 | _aTítulo original : Legendary movies | ||
| 650 | 1 | 4 |
_aCINE - HISTORIA Y CRITICA _936399 |
| 650 | 1 | 4 |
_aPELICULAS CINEMATOGRAFICAS - CRITICA E INTERPRETACION _936400 |
| 650 | 1 | 4 |
_aPELICULAS CINEMATOGRAFICAS - RESEÑAS _936401 |
| 650 | 1 | 4 |
_aVERSIONES CINEMATOGRAFICAS _936402 |
| 700 | 1 |
_aBarber Casasnovas, Cristóbal _936403 |
|
| 942 |
_2ddc _cBK |
||
| 999 |
_c2217 _d2217 |
||